<?xml version="1.0" encoding="UTF-8"?>
<record
    xmlns:xsi="http://www.w3.org/2001/XMLSchema-instance"
    xsi:schemaLocation="http://www.loc.gov/MARC21/slim http://www.loc.gov/standards/marcxml/schema/MARC21slim.xsd"
    xmlns="http://www.loc.gov/MARC21/slim">

  <leader>02007    a2200241   4500</leader>
  <controlfield tag="001">46960</controlfield>
  <controlfield tag="005">20260407155739.0</controlfield>
  <controlfield tag="008">260407a1994    arg                 spa d</controlfield>
  <controlfield tag="003">AR-UNSa-BCEJYS</controlfield>
  <datafield tag="040" ind1=" " ind2=" ">
    <subfield code="a">AR-UNSa-BCEJYS</subfield>
    <subfield code="b">spa</subfield>
    <subfield code="c">AR-UNSa-BCEJYS</subfield>
  </datafield>
  <datafield tag="080" ind1=" " ind2=" ">
    <subfield code="a">330.101.541</subfield>
    <subfield code="x">Macroeconom&#xED;a</subfield>
  </datafield>
  <datafield tag="245" ind1="1" ind2="0">
    <subfield code="a">Macroeconom&#xED;a en la econom&#xED;a general</subfield>
  </datafield>
  <datafield tag="020" ind1=" " ind2=" ">
    <subfield code="a">968-880-289-1</subfield>
  </datafield>
  <datafield tag="264" ind1=" " ind2="1">
    <subfield code="a">M&#xE9;xico :</subfield>
    <subfield code="b">Prentice-Hall</subfield>
    <subfield code="c">1994</subfield>
  </datafield>
  <datafield tag="300" ind1=" " ind2=" ">
    <subfield code="a">789</subfield>
    <subfield code="c">26 cm.</subfield>
  </datafield>
  <datafield tag="505" ind1=" " ind2=" ">
    <subfield code="a">Parte I: Introducci&#xF3;n: 1. Introducci&#xF3;n - 2. Conceptos b&#xE1;sicos en macroeconom&#xED;a - 3. Determinaci&#xF3;n del producto: introducci&#xF3;n de la oferta agregada y la demanda agregada  --  Parte II: Econom&#xED;a Intertemporal: 4. Consumo y ahorro - 5. La inversi&#xF3;n -  6. Ahorro, Inversi&#xF3;n y la cuenta corriente - 7. El sector Gobierno  --  Parte III: Econom&#xED;a Monetaria: 8. Demanda por dinero - 9. El proceso de oferta monetaria - 10. Dinero, tipo de cambio y precios - 11. Inflaci&#xF3;n: Aspectos fiscales y monetarios  --  Parte IV: Determinaci&#xF3;n del producto, pol&#xED;ticas de estabilizaci&#xF3;n y crecimiento: 12. Pol&#xED;ticas macroecon&#xF3;micas y determinaci&#xF3;n del producto en una econom&#xED;a cerrada - 13. Pol&#xED;ticas macroecon&#xF3;micas en la econom&#xED;a abierta bajo tipo de cambio fijo - 14. Pol&#xED;ticas macroecon&#xF3;micas en la econom&#xED;a abierta bajo tipo de cambio flexible - 15. Inflaci&#xF3;n y desempleo - 16. Determinantes institucionales de los salarios y el desempleo - 17. El ciclo econ&#xF3;mico - 18. Crecimiento econ&#xF3;mico  --  Parte V: Temas especiales en macroeconom&#xED;a: 19. Teor&#xED;a y pr&#xE1;ctica de la pol&#xED;tica econ&#xF3;mica - 20. Mercados financieros - 21. Bienes transables y no transables - 22. La crisis de deuda de los pa&#xED;ses en desarrollo - 23. C&#xF3;mo detener una alta inflaci&#xF3;n. </subfield>
  </datafield>
  <datafield tag="942" ind1=" " ind2=" ">
    <subfield code="c">BK</subfield>
  </datafield>
  <datafield tag="590" ind1=" " ind2=" ">
    <subfield code="a">niveau_biblio:m niveau_hierar:0</subfield>
  </datafield>
  <datafield tag="100" ind1="1" ind2=" ">
    <subfield code="a">Sachs, Jeffrey D.</subfield>
  </datafield>
  <datafield tag="700" ind1="1" ind2=" ">
    <subfield code="a">Larra&#xED;n B., Felipe</subfield>
  </datafield>
  <datafield tag="700" ind1="1" ind2=" ">
    <subfield code="a">Mu&#xF1;oz Gom&#xE1;, Roberto</subfield>
  </datafield>
  <datafield tag="856" ind1="4" ind2="1">
    <subfield code="u">https://www.biblioeco.unsa.edu.ar/pmb/images/libros/L127356.jpg</subfield>
    <subfield code="y">Imagen de portada</subfield>
    <subfield code="q">image/jpeg</subfield>
  </datafield>
  <datafield tag="999" ind1=" " ind2=" ">
    <subfield code="c">4257</subfield>
    <subfield code="d">4257</subfield>
  </datafield>
  <datafield tag="952" ind1=" " ind2=" ">
    <subfield code="0">0</subfield>
    <subfield code="1">0</subfield>
    <subfield code="4">0</subfield>
    <subfield code="7">0</subfield>
    <subfield code="a">BCEJYS</subfield>
    <subfield code="b">BCEJYS</subfield>
    <subfield code="c">16</subfield>
    <subfield code="d">2026-04-07</subfield>
    <subfield code="l">0</subfield>
    <subfield code="o">330.101.541 S121</subfield>
    <subfield code="p">L127356</subfield>
    <subfield code="r">2026-04-07 15:57:39</subfield>
    <subfield code="w">2026-04-07</subfield>
    <subfield code="y">L</subfield>
  </datafield>
</record>
